Short n' Sweet (Deluxe)- Album (Sabrina Carpenter) - Statistics

General Stats
  • This quiz has been taken 395 times
    168 since last reset
  • The average score is 14 of 17
Answer Stats
Hint Answer % Correct
2. Please Please Please
98%
14. (feat. Dolly Parton) Please Please Please
98%
1. Taste
98%
7. Espresso
94%
6. Bed Chem
92%
10. Juno
92%
16. Busy Woman
86%
13. 15 Minutes
83%
11. Lie To Girls
83%
12. Don't Smile
82%
3. Good Graces
80%
5. Coincidence
78%
4. Sharpest Tool
74%
8. Dumb & Poetic
71%
9. Slim Pickins
70%
17. Bad Reviews
67%
15. Couldn't Make It Any Harder
65%
No matching quizzes found
Score Distribution
Percent of People with Each Score
Percentile by Number Answered
Your Score History
You have not taken this quiz since the last reset